Κατάλογος Βιβλιοθηκών Mediterranean College

Grief Counselling and Grief Therapy / A Handbook for the Mental Health Practitioner (Record no. 3634)

MARC details
000 -LEADER
fixed length control field 01211cam a22002054a 4500
005 - ΗΜΕΡΟΜΗΝΙΑ ΚΑΙ ΩΡΑ ΤΕΛΕΥΤΑΙΑΣ ΕΝΗΜΕΡΩΣΗΣ
Πεδίο ελέγχου 20250605164121.0
008 - FIXED-LENGTH DATA ELEMENTS--GENERAL INFORMATION
Πεδίο ελέγχου σταθερού μήκους 250528s ||||||||||||||||||||||||d
035 ## - SYSTEM CONTROL NUMBER
System control number 18265
020 ## - ISBN
ISBN 1583919414
040 ## - ΠΗΓΗ ΚΑΤΑΛΟΓΟΓΡΑΦΗΣΗΣ
Φορέας πρωτότυπης καταλογογράφησης MC Athens Campus Library
Γλώσσα καταλογογράφησης Ελληνικά, Μοντέρνα (1453-)
Modifying agency MC Athens Campus Library
Κανόνες περιγραφικής καταλογογράφησης AACR2
245 1# - ΤΙΤΛΟΣ ΚΑΙ ΔΗΛΩΣΗ ΥΠΕΥΘΥΝΟΤΗΤΑΣ
Τίτλος Grief Counselling and Grief Therapy / A Handbook for the Mental Health Practitioner
250 ## - EDITION STATEMENT
Edition statement 3rd
260 ## - PUBLICATION, DISTRIBUTION, ETC.
Name of publisher, distributor, etc. Rouledge,
Date of publication, distribution, etc. 1983
300 ## - PHYSICAL DESCRIPTION
Extent 236
520 ## - SUMMARY, ETC.
Summary, etc. This book provides counselling techniques to help identify and treat the grief of the bereaved. Preface, Introduction, Attachment and Loss and the Experience of Grief, Attachment Theory, Understanding the Mourning Process, Tasks of Mourning, Grief of Mourning: Facilitating Uncomplicated Grief, Goals of Grief Counselling, Abnormal Grief Reactions: Complicated Mourning, Why People Fail to Grieve, Grief Therapy: Resolving Complicated Mourning, Goals and Setting for Grief Therapy, Grieving Special Types of Losses, Suicide, Sudden Death, Grief and Family Systems, Death of a Child, The Counselor's Own Grief, Stress and Burnout, Training for Grief Counselling, Bibliography, Index.
700 1# - ΠΡΟΣΘΕΤΗ ΑΝΑΓΡΑΦΗ--ΦΥΣΙΚΟ ΠΡΟΣΩΠΟ
Personal name Worden William J
9 (RLIN) 4542
942 ## - ADDED ENTRY ELEMENTS (KOHA)
Koha item type Books
Holdings
Τύπος τεκμηρίου Βιβλιοθήκη Τρέχουσα τοποθεσία Barcode Αριθμός εισαγωγής Ημερομηνία απόκτησης Ταξιθετικό σύμβολο Αριθμός αντιτύπου Κατάσταση απόσυρσης Κατάσταση χαμένου Κατάσταση κατεστραμμένου Μη δανεισμός Σύνολο δανεισμών Ημερομηνία τελευταίας εμφάνισης Η τιμή ισχύει από
Books MC Athens Campus Library MC Athens Campus Library 9780000036339 2832 05/06/2025 301.42/86 WOR 1           05/06/2025 05/06/2025

MC Athens Campus Library
Πατησίων 94 & Κοδριγκτώνος 13, 104 34
Πελλήνης 8 & Πατησίων 107, 112 51
Τ: +30 210 8899600

MC Thessaloniki Campus Library
Ίωνος Δραγούμη 21, 54625 | Ίωνος Δραγούμη 15, 54625
Τ: +30 2310 287779 – Τ: +30 2314 440300